[Event "DSJ Weihnachtsturnier U20 2020"]
[Site "https://play.chessbase.com/en/play?room=DSJWeihnachtU20"]
[Date "2020.12.29"]
[Round "4"]
[White "Eull, Emil"]
[Black "Wander, Dennis"]
[Result "1-0"]
[Termination "normal"]
[Board "10.3"]
[WhiteElo "1662"]
[BlackElo "1595"]
[WhiteTeam "SF Neuberg"]
[BlackTeam "Delmenhorster SK V 1931"]
[PlyCount "99"]
[WhiteFideId "16253809"]
[BlackFideId "16276523"]
[EventRounds "7"]
[EventType "team-swiss"]
[EventDate "2020.12.29"]

1. c4 {[%emt 0:00:05]} Nf6 {[%emt 0:00:35]} 2. Nc3 {[%emt 0:00:02]} Nc6 { [%emt
0:00:02]} 3. Nf3 {[%emt 0:00:02]} e5 {[%emt 0:00:03]} 4. e3 {[%emt 0:00:01]} d5
{[%emt 0:00:03]} 5. cxd5 {[%emt 0:00:01]} Nxd5 {[%emt 0:00:00]} 6. Bb5 {[%emt
0:00:01]} f6 {[%emt 0:00:09]} 7. Qa4 {[%emt 0:00:29]} Qd6 {[%emt 0:00:31]} 8.
e4 {[%emt 0:00:19]} Nb6 {[%emt 0:00:13]} 9. Bxc6+ {[%emt 0:00:28]} bxc6 {[%emt
0:00:05]} 10. Qc2 {[%emt 0:00:07]} Ba6 {[%emt 0:00:05]} 11. Ne2 { [%emt
0:00:59]} Bd3 {[%emt 0:00:11]} 12. Qb3 {[%emt 0:00:46]} Bxe4 {[%emt 0:00:32]}
13. O-O {[%emt 0:00:04]} Bd3 {[%emt 0:00:08]} 14. Re1 {[%emt 0:00:18]} e4
{[%emt 0:00:08]} 15. Nfd4 {[%emt 0:00:08]} Nd5 {[%emt 0:01:16]} 16. Qb7 { [%emt
0:00:38]} Rd8 {[%emt 0:00:26]} 17. Nxc6 {[%emt 0:00:43]} Bxe2 {[%emt 0:01:05]}
18. Rxe2 {[%emt 0:00:56]} Rd7 {[%emt 0:00:18]} 19. Rxe4+ {[%emt 0:00:23]} Kf7
{[%emt 0:00:02]} 20. Nxa7 {[%emt 0:01:40]} c5 {[%emt 0:00:40]} 21. Nb5 {[%emt
0:00:44]} Rxb7 {[%emt 0:00:37]} 22. Nxd6+ {[%emt 0:00:04]} Bxd6 { [%emt
0:00:00]} 23. d4 {[%emt 0:00:08]} Re7 {[%emt 0:00:05]} 24. Rxe7+ { [%emt
0:00:09]} Kxe7 {[%emt 0:00:00]} 25. dxc5 {[%emt 0:00:09]} Bxc5 {[%emt 0:00:08]}
26. Bd2 {[%emt 0:00:01]} Kd7 {[%emt 0:00:06]} 27. a3 {[%emt 0:00:04]} Re8
{[%emt 0:00:03]} 28. b4 {[%emt 0:00:03]} Re2 {[%emt 0:00:08]} 29. Be1 { [%emt
0:00:14]} Bd4 {[%emt 0:00:12]} 30. Rd1 {[%emt 0:00:09]} Kc6 {[%emt 0:00:17]}
31. Kf1 {[%emt 0:00:05]} Re4 {[%emt 0:00:05]} 32. f3 {[%emt 0:00:08]} Ne3+
{[%emt 0:00:14]} 33. Ke2 {[%emt 0:00:02]} Re5 {[%emt 0:00:19]} 34. Rxd4 { [%emt
0:00:25]} Nc2+ {[%emt 0:00:02]} 35. Re4 {[%emt 0:00:01]} Rg5 {[%emt 0:00:28]}
36. Rc4+ {[%emt 0:00:05]} Kb5 {[%emt 0:00:04]} 37. Rxc2 {[%emt 0:00:02]} Rxg2+
{[%emt 0:00:01]} 38. Bf2 {[%emt 0:00:01]} Ka4 {[%emt 0:00:02]} 39. h4 { [%emt
0:00:05]} g5 {[%emt 0:00:03]} 40. hxg5 {[%emt 0:00:01]} fxg5 {[%emt 0:00:00]}
41. Rc7 {[%emt 0:00:07]} h5 {[%emt 0:00:04]} 42. Ra7+ {[%emt 0:00:02]} Kb5
{[%emt 0:00:01]} 43. Ra5+ {[%emt 0:00:01]} Kc4 {[%emt 0:00:01]} 44. Rc5+ {
[%emt 0:00:02]} Kb3 {[%emt 0:00:02]} 45. b5 {[%emt 0:00:01]} g4 {[%emt 0:00:02]
} 46. fxg4 {[%emt 0:00:01]} hxg4 {[%emt 0:00:04]} 47. b6 {[%emt 0:00:01]} Rh2 {
[%emt 0:00:11]} 48. b7 {[%emt 0:00:03]} g3 {[%emt 0:00:05]} 49. b8=Q+ {[%emt
0:00:02]} Ka4 {[%emt 0:00:10]} 50. Qb4# {[%emt 0:00:03]} 1-0

[Event "DSJ Weihnachtsturnier U20 2020"]
[Site "https://play.chessbase.com/en/play?room=DSJWeihnachtU20"]
[Date "2020.12.29"]
[Round "4"]
[White "Klühs, Gustaf"]
[Black "Kolb, Tobias"]
[Result "1/2-1/2"]
[Termination "normal"]
[Board "11.1"]
[WhiteElo "1823"]
[BlackElo "2285"]
[WhiteTeam "SC Borussia Lichtenberg"]
[BlackTeam "SC 1868 Bamberg"]
[PlyCount "102"]
[WhiteFideId "16228936"]
[BlackFideId "12992321"]
[EventRounds "7"]
[EventType "team-swiss"]
[EventDate "2020.12.29"]

1. e4 {[%emt 0:00:08]} c6 {[%emt 0:01:18]} 2. Nc3 {[%emt 0:00:08]} d5 {[%emt
0:00:03]} 3. Nf3 {[%emt 0:00:02]} Bg4 {[%emt 0:00:02]} 4. h3 {[%emt 0:00:15]}
Bxf3 {[%emt 0:00:02]} 5. Qxf3 {[%emt 0:00:02]} e6 {[%emt 0:00:02]} 6. d4 {
[%emt 0:00:36]} dxe4 {[%emt 0:00:05]} 7. Qxe4 {[%emt 0:00:28]} Nf6 {[%emt
0:00:03]} 8. Qd3 {[%emt 0:00:02]} Bd6 {[%emt 0:00:08]} 9. Bg5 {[%emt 0:00:06]}
Nbd7 {[%emt 0:00:04]} 10. Ne4 {[%emt 0:00:09]} Be7 {[%emt 0:00:02]} 11. Nxf6+ {
[%emt 0:00:07]} Bxf6 {[%emt 0:00:06]} 12. Bxf6 {[%emt 0:00:03]} Nxf6 {[%emt
0:00:02]} 13. c3 {[%emt 0:00:07]} O-O {[%emt 0:00:11]} 14. Be2 {[%emt 0:00:04]}
Qb6 {[%emt 0:00:25]} 15. Qc2 {[%emt 0:00:15]} c5 {[%emt 0:00:14]} 16. dxc5 {
[%emt 0:00:15]} Qxc5 {[%emt 0:00:00]} 17. O-O {[%emt 0:00:01]} Rad8 {[%emt
0:01:04]} 18. Rad1 {[%emt 0:00:06]} Qc7 {[%emt 0:00:28]} 19. Bf3 {[%emt
0:00:03]} b6 {[%emt 0:00:05]} 20. Rxd8 {[%emt 0:00:02]} Rxd8 {[%emt 0:00:00]}
21. Rd1 { [%emt 0:00:02]} h6 {[%emt 0:00:18]} 22. g3 {[%emt 0:00:10]} Rxd1+
{[%emt 0:00:11]} 23. Qxd1 {[%emt 0:00:05]} Qd7 {[%emt 0:00:06]} 24. Kg2 {[%emt
0:00:18]} Qxd1 {[%emt 0:00:04]} 25. Bxd1 {[%emt 0:00:00]} Kf8 {[%emt 0:00:03]}
26. Kf3 { [%emt 0:00:03]} Ke7 {[%emt 0:00:02]} 27. Bb3 {[%emt 0:00:10]} Kd6
{[%emt 0:00:02]} 28. Ke3 {[%emt 0:00:02]} Nd7 {[%emt 0:00:15]} 29. Bd1 {[%emt
0:00:06]} e5 {[%emt 0:00:08]} 30. Bc2 {[%emt 0:00:09]} a5 {[%emt 0:00:22]} 31.
Ba4 {[%emt 0:00:11]} Nc5 {[%emt 0:00:05]} 32. Bc2 {[%emt 0:00:02]} Ne6 {[%emt
0:00:26]} 33. h4 {[%emt 0:00:11]} Nc5 {[%emt 0:00:18]} 34. b4 {[%emt 0:00:07]}
axb4 {[%emt 0:00:12]} 35. cxb4 {[%emt 0:00:02]} Na6 {[%emt 0:00:21]} 36. a3
{[%emt 0:00:04]} Nc7 {[%emt 0:00:01]} 37. Bb3 {[%emt 0:00:07]} f5 {[%emt
0:00:48]} 38. a4 { [%emt 0:00:07]} Na6 {[%emt 0:00:10]} 39. a5 {[%emt 0:00:05]}
b5 {[%emt 0:00:09] } 40. Bc2 {[%emt 0:00:06]} e4 {[%emt 0:00:43]} 41. Bd1
{[%emt 0:00:23]} Nxb4 { [%emt 0:00:06]} 42. g4 {[%emt 0:00:07]} g6 {[%emt
0:00:34]} 43. h5 {[%emt 0:00:05]} Ke5 {[%emt 0:00:17]} 44. hxg6 {[%emt
0:00:05]} f4+ {[%emt 0:00:03]} 45. Kd2 {[%emt 0:00:09]} Kf6 {[%emt 0:00:05]}
46. Be2 {[%emt 0:00:02]} Kxg6 { [%emt 0:00:05]} 47. Bxb5 {[%emt 0:00:01]} Kg5
{[%emt 0:00:02]} 48. a6 {[%emt 0:00:32]} Nxa6 {[%emt 0:00:44]} 49. Bxa6 {[%emt
0:00:03]} e3+ {[%emt 0:00:02]} 50. fxe3 {[%emt 0:00:05]} fxe3+ {[%emt 0:00:02]}
51. Kxe3 {[%emt 0:00:01]} Kxg4 {[%emt 0:00:02] Lichten1-001 offers a draw}
1/2-1/2

[Event "DSJ Weihnachtsturnier U20 2020"]
[Site "https://play.chessbase.com/en/play?room=DSJWeihnachtU20"]
[Date "2020.12.29"]
[Round "4"]
[White "Köhler, Lukas"]
[Black "Kraft, Adrian"]
[Result "0-1"]
[Termination "time forfeit"]
[Board "11.2"]
[WhiteElo "2127"]
[BlackElo "1764"]
[WhiteTeam "SC 1868 Bamberg"]
[BlackTeam "SC Borussia Lichtenberg"]
[PlyCount "92"]
[WhiteFideId "16221990"]
[BlackFideId "16235010"]
[EventRounds "7"]
[EventType "team-swiss"]
[EventDate "2020.12.29"]

1. e4 {[%emt 0:00:17]} c6 {[%emt 0:00:01]} 2. Nc3 {[%emt 0:00:03]} d5 {[%emt
0:00:01]} 3. Qf3 {[%emt 0:00:00]} dxe4 {[%emt 0:00:09]} 4. Nxe4 {[%emt
0:00:02]} Nd7 {[%emt 0:00:02]} 5. d4 {[%emt 0:00:01]} Ndf6 {[%emt 0:00:01]} 6.
c3 { [%emt 0:00:13]} Nxe4 {[%emt 0:00:09]} 7. Qxe4 {[%emt 0:00:07]} Nf6 {[%emt
0:00:01]} 8. Qh4 {[%emt 0:00:05]} Bf5 {[%emt 0:00:12] Lichten1-002
reconnected.} 9. Nf3 {[%emt 0:00:09]} e6 {[%emt 0:01:37]} 10. Be2 {[%emt
0:00:35]} Be7 {[%emt 0:00:07]} 11. Bg5 {[%emt 0:00:11]} h6 {[%emt 0:00:53]} 12.
O-O {[%emt 0:00:04]} O-O {[%emt 0:00:17]} 13. Bxf6 {[%emt 0:00:03]} Bxf6 {[%emt
0:00:02]} 14. Qg3 { [%emt 0:00:06]} Qb6 {[%emt 0:00:28]} 15. b3 {[%emt
0:00:47]} c5 {[%emt 0:00:14] } 16. Ne5 {[%emt 0:00:43]} Qd6 {[%emt 0:02:04]}
17. Ng4 {[%emt 0:01:02]} Qe7 { [%emt 0:00:26]} 18. Nxh6+ {[%emt 0:00:19]} Kh8
{[%emt 0:00:09]} 19. Nxf5 { [%emt 0:00:15]} exf5 {[%emt 0:00:03]} 20. Bd3
{[%emt 0:00:13]} g6 {[%emt 0:00:16]} 21. Rae1 {[%emt 0:00:31]} Qd7 {[%emt
0:00:40]} 22. dxc5 {[%emt 0:00:05]} Bxc3 {[%emt 0:00:29]} 23. Rd1 {[%emt
0:00:02]} Bd4 {[%emt 0:00:32]} 24. Bc4 { [%emt 0:00:11]} Rad8 {[%emt 0:00:06]}
25. Rd3 {[%emt 0:00:17]} Rfe8 {[%emt 0:00:29]} 26. Qh4+ {[%emt 0:00:41]} Kg7
{[%emt 0:00:13]} 27. Rfd1 {[%emt 0:00:05] } Re4 {[%emt 0:00:11]} 28. Qg3 {[%emt
0:00:20]} b5 {[%emt 0:00:27]} 29. cxb6 { [%emt 0:00:50]} axb6 {[%emt 0:00:01]}
30. h3 {[%emt 0:00:36]} b5 {[%emt 0:00:17]} 31. Bxf7 {[%emt 0:01:04]} Qxf7
{[%emt 0:00:02]} 32. a4 {[%emt 0:00:05]} Qe7 {[%emt 0:00:09]} 33. Qf3 {[%emt
0:00:26]} Re1+ {[%emt 0:00:07]} 34. Rxe1 { [%emt 0:00:01]} Qxe1+ {[%emt
0:00:03]} 35. Kh2 {[%emt 0:00:00]} Be5+ {[%emt 0:00:04]} 36. g3 {[%emt
0:00:10]} Rxd3 {[%emt 0:00:01]} 37. Qxd3 {[%emt 0:00:30]} Qxf2+ {[%emt
0:00:00]} 38. Kh1 {[%emt 0:00:02]} Qe1+ {[%emt 0:00:02]} 39. Kg2 { [%emt
0:00:02]} Qe4+ {[%emt 0:00:04]} 40. Qxe4 {[%emt 0:00:02]} fxe4 {[%emt 0:00:00]}
41. axb5 {[%emt 0:00:01]} Kf6 {[%emt 0:00:06]} 42. g4 {[%emt 0:00:02]} Bf4
{[%emt 0:00:03]} 43. h4 {[%emt 0:00:04]} Ke6 {[%emt 0:00:01] .} 44. Kf2 { [%emt
0:00:06]} Kd5 {[%emt 0:00:01] .} 45. Ke2 {[%emt 0:00:02]} Kc5 {[%emt 0:00:01]}
46. b6 {[%emt 0:00:01] .} Kxb6 {[%emt 0:00:01] . TimeW} 0-1

[Event "DSJ Weihnachtsturnier U20 2020"]
[Site "https://play.chessbase.com/en/play?room=DSJWeihnachtU20"]
[Date "2020.12.29"]
[Round "4"]
[White "Wadepfuhl, Jeremy"]
[Black "Wolf, Pablo"]
[Result "0-1"]
[Termination "normal"]
[Board "11.3"]
[WhiteElo "1714"]
[BlackElo "2001"]
[WhiteTeam "SC Borussia Lichtenberg"]
[BlackTeam "SC 1868 Bamberg"]
[PlyCount "80"]
[WhiteFideId "16243471"]
[BlackFideId "12943894"]
[EventRounds "7"]
[EventType "team-swiss"]
[EventDate "2020.12.29"]

1. d4 {[%emt 0:00:03]} d5 {[%emt 0:00:04]} 2. Bg5 {[%emt 0:00:02]} Nd7 { [%emt
0:00:05]} 3. e3 {[%emt 0:00:05]} Ngf6 {[%emt 0:00:03]} 4. Nf3 {[%emt 0:00:08]}
e6 {[%emt 0:00:02]} 5. c4 {[%emt 0:00:08]} Be7 {[%emt 0:00:03]} 6. Nc3 {[%emt
0:00:05]} O-O {[%emt 0:00:01]} 7. Rc1 {[%emt 0:00:15]} Re8 {[%emt 0:00:23]} 8.
Bd3 {[%emt 0:00:05]} h6 {[%emt 0:00:03]} 9. Bh4 {[%emt 0:00:04]} b6 { [%emt
0:00:03]} 10. cxd5 {[%emt 0:00:13]} exd5 {[%emt 0:00:05]} 11. O-O { [%emt
0:00:07]} c5 {[%emt 0:00:02]} 12. Ne5 {[%emt 0:00:37]} Bb7 {[%emt 0:00:05]} 13.
Nxd7 {[%emt 0:00:13]} Nxd7 {[%emt 0:00:00]} 14. Bxe7 {[%emt 0:00:04]} Qxe7
{[%emt 0:00:03]} 15. Qe2 {[%emt 0:00:32]} Rac8 {[%emt 0:00:11]} 16. Rfd1 {
[%emt 0:00:16]} Nf6 {[%emt 0:00:18]} 17. b3 {[%emt 0:00:16]} cxd4 {[%emt
0:01:20]} 18. exd4 {[%emt 0:00:03]} Qb4 {[%emt 0:00:02]} 19. Qd2 {[%emt
0:00:28]} Qa5 {[%emt 0:00:31]} 20. Nb1 {[%emt 0:00:24]} Qxd2 {[%emt 0:00:23]}
21. Nxd2 { [%emt 0:00:00]} Ne4 {[%emt 0:00:05]} 22. Nxe4 {[%emt 0:00:04]} dxe4
{[%emt 0:00:03]} 23. Bb5 {[%emt 0:00:03]} Red8 {[%emt 0:00:09]} 24. Rxc8 {[%emt
0:00:17] } Rxc8 {[%emt 0:00:03]} 25. Bc4 {[%emt 0:00:01]} Kf8 {[%emt 0:00:03]}
26. Kf1 { [%emt 0:00:02]} Ke7 {[%emt 0:00:02]} 27. Ke2 {[%emt 0:00:01]} f6
{[%emt 0:00:01]} 28. a4 {[%emt 0:00:05]} Kd6 {[%emt 0:00:02]} 29. Ke3 {[%emt
0:00:08]} a6 { [%emt 0:00:05]} 30. g4 {[%emt 0:00:11]} b5 {[%emt 0:00:04]} 31.
axb5 {[%emt 0:00:14]} axb5 {[%emt 0:00:00]} 32. Bxb5 {[%emt 0:00:52]} Rc3+
{[%emt 0:00:03]} 33. Ke2 {[%emt 0:00:14]} Rxb3 {[%emt 0:00:02]} 34. Bc4 {[%emt
0:00:05]} Rb2+ { [%emt 0:00:01]} 35. Rd2 {[%emt 0:00:04]} Rb4 {[%emt 0:00:01]}
36. Bf7 {[%emt 0:00:06]} Bd5 {[%emt 0:00:32]} 37. Bg6 {[%emt 0:00:12]} Bc4+
{[%emt 0:00:11]} 38. Ke3 {[%emt 0:00:04]} Rb3+ {[%emt 0:00:01]} 39. Kxe4 {[%emt
0:00:04]} Bd5+ { [%emt 0:00:02]} 40. Kf4 {[%emt 0:00:07]} Rf3# {[%emt 0:00:00]}
0-1

[Event "DSJ Weihnachtsturnier U20 2020"]
[Site "https://play.chessbase.com/en/play?room=DSJWeihnachtU20"]
[Date "2020.12.29"]
[Round "4"]
[White "Tahirovic, Denis"]
[Black "Schöneberg, Kevin"]
[Result "1/2-1/2"]
[Termination "normal"]
[Board "11.4"]
[WhiteElo "1439"]
[BlackElo "946"]
[WhiteTeam "SC 1868 Bamberg"]
[BlackTeam "SC Borussia Lichtenberg"]
[PlyCount "85"]
[WhiteFideId "16258762"]
[EventRounds "7"]
[EventType "team-swiss"]
[EventDate "2020.12.29"]

1. e4 {[%emt 0:00:14]} c6 {[%emt 0:00:07]} 2. d4 {[%emt 0:00:02]} d5 {[%emt
0:00:03]} 3. e5 {[%emt 0:00:11]} Bf5 {[%emt 0:00:02]} 4. g4 {[%emt 0:00:05]}
Bg6 {[%emt 0:00:04]} 5. h4 {[%emt 0:00:02]} h5 {[%emt 0:00:07]} 6. e6 {[%emt
0:00:09]} fxe6 {[%emt 0:00:04]} 7. Bd3 {[%emt 0:00:02]} Bxd3 {[%emt 0:00:01]}
8. Qxd3 {[%emt 0:00:01]} Qd6 {[%emt 0:00:01]} 9. Qg6+ {[%emt 0:00:02]} Kd8 {
[%emt 0:00:08]} 10. Ne2 {[%emt 0:00:11]} Nd7 {[%emt 0:00:10]} 11. Bf4 {[%emt
0:00:04]} e5 {[%emt 0:00:26]} 12. Qxd6 {[%emt 0:00:09]} exd6 {[%emt 0:00:01]}
13. Bg5+ {[%emt 0:00:06]} Be7 {[%emt 0:00:02]} 14. Bxe7+ {[%emt 0:00:11]} Nxe7
{ [%emt 0:00:04]} 15. gxh5 {[%emt 0:00:01]} Rxh5 {[%emt 0:00:04]} 16. Nbc3 {
[%emt 0:00:00]} Kc7 {[%emt 0:00:09]} 17. O-O-O {[%emt 0:00:21]} Rah8 {[%emt
0:00:22]} 18. Rdg1 {[%emt 0:00:56]} g6 {[%emt 0:00:40]} 19. dxe5 {[%emt
0:00:25]} dxe5 {[%emt 0:00:25]} 20. f4 {[%emt 0:00:09]} Rxh4 {[%emt 0:01:07]}
21. Rxh4 { [%emt 0:00:09]} Rxh4 {[%emt 0:00:02]} 22. fxe5 {[%emt 0:00:10]} Nxe5
{[%emt 0:00:03]} 23. Rg5 {[%emt 0:00:12]} Rh5 {[%emt 0:00:15]} 24. Rg3 {[%emt
0:00:31]} Nf5 {[%emt 0:01:08]} 25. Rg1 {[%emt 0:00:14]} g5 {[%emt 0:00:26]} 26.
Nd1 { [%emt 0:00:25]} g4 {[%emt 0:00:05]} 27. Nf4 {[%emt 0:00:02]} Rh8 {[%emt
0:00:21]} 28. Re1 {[%emt 0:00:23]} Kd6 {[%emt 0:00:12]} 29. Rxe5 {[%emt
0:00:14]} Kxe5 {[%emt 0:00:08]} 30. Ng6+ {[%emt 0:00:02]} Ke4 {[%emt 0:00:02]}
31. Nxh8 { [%emt 0:00:01]} g3 {[%emt 0:00:01]} 32. Nf7 {[%emt 0:00:20]} g2
{[%emt 0:00:14] } 33. Ng5+ {[%emt 0:00:01]} Kf4 {[%emt 0:00:31]} 34. Nh3+
{[%emt 0:00:11]} Kf3 {[%emt 0:00:14]} 35. Kd2 {[%emt 0:01:07]} Ng3 {[%emt
0:00:55]} 36. Ng1+ { [%emt 0:00:11]} Kg4 {[%emt 0:00:24]} 37. Nf2+ {[%emt
0:00:03]} Kf4 {[%emt 0:00:07]} 38. Nfh3+ {[%emt 0:00:40]} Kg4 {[%emt 0:00:04]}
39. Ke1 {[%emt 0:00:04]} Ne4 {[%emt 0:00:08]} 40. Nf2+ {[%emt 0:00:05]} Kg3
{[%emt 0:00:06]} 41. Nxe4+ { [%emt 0:00:03]} dxe4 {[%emt 0:00:01]} 42. Ne2+
{[%emt 0:00:08]} Kf3 {[%emt 0:00:15] Bamberg1-004 offers a draw} 43. Ng1+
{[%emt 0:00:29]} 1/2-1/2

[Event "DSJ Weihnachtsturnier U20 2020"]
[Site "https://play.chessbase.com/en/play?room=DSJWeihnachtU20"]
[Date "2020.12.29"]
[Round "4"]
[White "Schlangenotto, Niklas"]
[Black "Lohmann, Laurin"]
[Result "1-0"]
[Termination "normal"]
[Board "12.1"]
[WhiteElo "2008"]
[BlackElo "1736"]
[WhiteTeam "SK Blauer Springer Paderborn 1926"]
[BlackTeam "VfL Leipheim 1898"]
[PlyCount "76"]
[WhiteFideId "16217560"]
[BlackFideId "16281594"]
[EventRounds "7"]
[EventType "team-swiss"]
[EventDate "2020.12.29"]

1. e4 {[%emt 0:00:22]} e5 {[%emt 0:00:06]} 2. Nf3 {[%emt 0:00:01]} Nf6 { [%emt
0:00:04]} 3. d4 {[%emt 0:00:02]} Nxe4 {[%emt 0:00:22]} 4. Bd3 {[%emt 0:00:06]}
d5 {[%emt 0:00:07]} 5. dxe5 {[%emt 0:00:17]} Be7 {[%emt 0:00:12]} 6. O-O {[%emt
0:00:04]} O-O {[%emt 0:00:06]} 7. Re1 {[%emt 0:00:03]} Nc5 {[%emt 0:00:06]} 8.
Bf4 {[%emt 0:00:27]} Bg4 {[%emt 0:00:18]} 9. h3 {[%emt 0:00:06]} Bh5 {[%emt
0:00:28]} 10. Nc3 {[%emt 0:00:19]} c6 {[%emt 0:00:16]} 11. Bf5 {[%emt 0:00:44]}
Bg6 {[%emt 0:00:18]} 12. Nd4 {[%emt 0:00:13]} Bg5 {[%emt 0:00:18]} 13. Qf3
{[%emt 0:00:41]} Bxf4 {[%emt 0:00:22]} 14. Qxf4 {[%emt 0:00:00]} Bxf5 { [%emt
0:00:02]} 15. Nxf5 {[%emt 0:00:20]} Ne6 {[%emt 0:00:06]} 16. Qg4 { [%emt
0:00:36]} Qg5 {[%emt 0:00:19]} 17. Qxg5 {[%emt 0:00:06]} Nxg5 {[%emt 0:00:00]}
18. f4 {[%emt 0:00:07]} Ne6 {[%emt 0:00:07]} 19. Ne2 {[%emt 0:00:51]} Nd7
{[%emt 0:00:05]} 20. Nd6 {[%emt 0:00:42]} b6 {[%emt 0:00:04]} 21. f5 { [%emt
0:00:05]} Ng5 {[%emt 0:00:07]} 22. Nd4 {[%emt 0:00:20]} c5 {[%emt 0:00:17]} 23.
Nc6 {[%emt 0:00:05]} h6 {[%emt 0:00:51]} 24. Rad1 {[%emt 0:00:09]} d4 {[%emt
0:00:02]} 25. c3 {[%emt 0:00:03]} dxc3 {[%emt 0:00:03]} 26. bxc3 { [%emt
0:00:00]} g6 {[%emt 0:00:20]} 27. h4 {[%emt 0:00:26]} Nh7 {[%emt 0:00:05] } 28.
Ne7+ {[%emt 0:00:07]} Kg7 {[%emt 0:00:14]} 29. f6+ {[%emt 0:00:13]} Kh8 { [%emt
0:00:03]} 30. Nxf7+ {[%emt 0:00:20]} Rxf7 {[%emt 0:00:06]} 31. Rxd7 { [%emt
0:00:01]} Nxf6 {[%emt 0:00:15]} 32. exf6 {[%emt 0:00:13]} Rxf6 {[%emt 0:00:00]}
33. Rf1 {[%emt 0:00:13]} Re6 {[%emt 0:00:12]} 34. Rf7 {[%emt 0:00:05]} Re8
{[%emt 0:00:08]} 35. Nd5 {[%emt 0:00:09]} Re1+ {[%emt 0:00:18]} 36. Kh2 { [%emt
0:00:03]} g5 {[%emt 0:00:03]} 37. Rh7+ {[%emt 0:00:04]} Kg8 {[%emt 0:00:02]}
38. Nf6+ {[%emt 0:00:05]} Kf8 {[%emt 0:00:04]} 1-0

[Event "DSJ Weihnachtsturnier U20 2020"]
[Site "https://play.chessbase.com/en/play?room=DSJWeihnachtU20"]
[Date "2020.12.29"]
[Round "4"]
[White "Lohmann, Dominik"]
[Black "Brockhoff, Moritz"]
[Result "0-1"]
[Termination "normal"]
[Board "12.2"]
[WhiteElo "1786"]
[BlackElo "1985"]
[WhiteTeam "VfL Leipheim 1898"]
[BlackTeam "SK Blauer Springer Paderborn 1926"]
[PlyCount "26"]
[WhiteFideId "16281527"]
[BlackFideId "16214927"]
[EventRounds "7"]
[EventType "team-swiss"]
[EventDate "2020.12.29"]

1. e4 {[%emt 0:00:10] Paderb1-002 reconnected.} e5 {[%emt 0:00:06]} 2. Nf3 {
[%emt 0:00:28]} Nf6 {[%emt 0:00:02]} 3. Nxe5 {[%emt 0:00:02]} Nc6 {[%emt
0:00:01]} 4. Nxc6 {[%emt 0:00:05]} dxc6 {[%emt 0:00:01]} 5. Nc3 {[%emt
0:00:04]} Bc5 {[%emt 0:00:03]} 6. Bc4 {[%emt 0:00:06]} Ng4 {[%emt 0:00:08]} 7.
d4 {[%emt 0:00:32]} Bxd4 {[%emt 0:00:30]} 8. O-O {[%emt 0:00:07]} Qh4 {[%emt
0:00:02]} 9. h3 {[%emt 0:00:10]} Bxf2+ {[%emt 0:00:14]} 10. Rxf2 {[%emt
0:00:18]} Qxf2+ { [%emt 0:00:06]} 11. Kh1 {[%emt 0:00:01]} h5 {[%emt 0:00:01]}
12. Qg1 {[%emt 0:00:38]} Qg3 {[%emt 0:00:11]} 13. Ne2 {[%emt 0:00:06]} Nf2+
{[%emt 0:00:03]} 0-1

[Event "DSJ Weihnachtsturnier U20 2020"]
[Site "https://play.chessbase.com/en/play?room=DSJWeihnachtU20"]
[Date "2020.12.29"]
[Round "4"]
[White "Kesselmeier, Kevin"]
[Black "Schwegler, Tim"]
[Result "1-0"]
[Termination "normal"]
[Board "12.3"]
[WhiteElo "1927"]
[BlackElo "1623"]
[WhiteTeam "SK Blauer Springer Paderborn 1926"]
[BlackTeam "VfL Leipheim 1898"]
[PlyCount "63"]
[WhiteFideId "16217551"]
[EventRounds "7"]
[EventType "team-swiss"]
[EventDate "2020.12.29"]

1. e4 {[%emt 0:01:13]} e5 {[%emt 0:00:05]} 2. Nf3 { [%emt 0:00:10]} Nc6 {[%emt
0:00:03]} 3. Bb5 {[%emt 0:00:02]} Bc5 {[%emt 0:00:08]} 4. c3 {[%emt 0:00:05]}
d6 {[%emt 0:00:02]} 5. d4 {[%emt 0:00:02]} exd4 { [%emt 0:00:03]} 6. cxd4
{[%emt 0:00:00]} Bb4+ {[%emt 0:00:01]} 7. Nc3 {[%emt 0:00:03]} Bd7 {[%emt
0:00:03]} 8. O-O {[%emt 0:00:08]} Nge7 {[%emt 0:00:14]} 9. h3 {[%emt 0:00:14]}
a6 {[%emt 0:00:06]} 10. Ba4 {[%emt 0:00:02]} h6 {[%emt 0:00:09]} 11. Bf4 {[%emt
0:00:08]} g5 {[%emt 0:00:06]} 12. Bg3 {[%emt 0:00:44]} Ng6 {[%emt 0:00:09]} 13.
Nd5 {[%emt 0:00:25]} Ba5 {[%emt 0:00:10]} 14. e5 { [%emt 0:00:33]} O-O {[%emt
0:00:35]} 15. Nf6+ {[%emt 0:00:57]} Kg7 {[%emt 0:00:05]} 16. Nxd7 {[%emt
0:00:25]} Qxd7 {[%emt 0:00:18]} 17. d5 {[%emt 0:00:01]} b5 {[%emt 0:00:11]} 18.
dxc6 {[%emt 0:00:16]} Qxc6 {[%emt 0:00:04]} 19. Bb3 { [%emt 0:00:00]} f5 {[%emt
0:00:05]} 20. exf6+ {[%emt 0:00:07]} Rxf6 {[%emt 0:00:04]} 21. Bd5 {[%emt
0:00:06]} Qe8 {[%emt 0:00:07]} 22. Bxa8 {[%emt 0:00:17]} Qxa8 {[%emt 0:00:21]}
23. Rc1 {[%emt 0:00:04]} Rf5 {[%emt 0:00:15]} 24. b4 { [%emt 0:00:19]} Bb6
{[%emt 0:00:05]} 25. Re1 {[%emt 0:00:11]} h5 {[%emt 0:00:06]} 26. Qd3 {[%emt
0:00:28]} Kf6 {[%emt 0:00:19]} 27. Re2 {[%emt 0:00:30]} g4 {[%emt 0:00:10]} 28.
Nh4 {[%emt 0:00:19]} Nf4 {[%emt 0:00:22]} 29. Qxf5+ { [%emt 0:00:12]} Kg7
{[%emt 0:00:02]} 30. Re7+ {[%emt 0:00:07]} Kg8 {[%emt 0:00:04]} 31. Qh7+ {[%emt
0:00:22]} Kf8 {[%emt 0:00:02]} 32. Qg7# {[%emt 0:00:01] Mate} 1-0